[Event "Guernsey Holiday op"]
[Site "Cobo Bay"]
[Date "2005.10.21"]
[Round "6"]
[White "Boogaard, Leen"]
[Black "Newrick, William"]
[Result "1/2-1/2"]
[WhiteElo "1570"]
[BlackElo "1400"]
[PlyCount "66"]
[EventDate "2005.10.16"]
[EventType "swiss"]
[EventRounds "7"]
[EventCountry "GCI"]
[SourceTitle "EXT 2007"]
[Source "ChessBase"]
[SourceDate "2006.11.23"]
[SourceVersion "1"]
[SourceVersionDate "2006.11.23"]
[SourceQuality "1"]

1. e4 d5 2. exd5 Nf6 3. Nf3 Nxd5 4. d3 Bg4 5. Be2 e6 6. c3 Nf6 7. Bg5 c6 8. Nbd2 Be7 9. d4 Nbd7 10. 0-0 h6 11. Bxf6 Nxf6 12. Ne5 Bxe2 13. Qxe2 0-0 14. Ndf3 Nd5 15. Ng4 Nf4 16. Qc2 h5 17. Nge5 h4 18. Nd3 Bd6 19. Nxf4 Bxf4 20. Qe4 Qf6 21. g3 hxg3 22. fxg3 Bd6 23. Nd2 Qe7 24. Qg2 Rac8 25. Rf3 c5 26. dxc5 Bxc5+ 27. Kh1 Qc7 28. Ne4 b6 29. Qh3 Be7 30. Raf1 Qb7 31. Re1 Rc4 32. Nd2 Rcc8 33. Qg2 Qc6 1/2-1/2

[Event "Guernsey Holiday op"]
[Site "Cobo Bay"]
[Date "2005.10.20"]
[Round "5"]
[White "Boogaard, Leen"]
[Black "Forbes, Garry"]
[Result "0-1"]
[WhiteElo "1570"]
[BlackElo "1660"]
[PlyCount "38"]
[EventDate "2005.10.16"]
[EventType "swiss"]
[EventRounds "7"]
[EventCountry "GCI"]
[SourceTitle "EXT 2007"]
[Source "ChessBase"]
[SourceDate "2006.11.23"]
[SourceVersion "1"]
[SourceVersionDate "2006.11.23"]
[SourceQuality "1"]

1. e4 d6 2. d4 g6 3. Nc3 Bg7 4. Nf3 a6 5. Be3 b5 6. b4 Bb7 7. Nd2 c5 8. bxc5 Qa5 9. Ne2 dxc5 10. f3 cxd4 11. Nxd4 Qc3 12. Rb1 Qxe3+ 13. Ne2 Nf6 14. Rb3 Qb6 15. Nc4 Qc7 16. Qb1 Qxc4 17. Nc3 Qc7 18. a4 bxa4 19. Nxa4 Ra7 0-1